000 01104nam a22003257a 4500
003 DO-SdBPM
005 20250820081830.0
007 ta
008 161202b1989 sp a| 00| 0 spa d
020 _a8477123330
040 _aDO-SdBPM
_bspa
_cBPMSU
_erda
082 4 _a843.47
_bP454p1989
_222
100 1 _aPerrault, Charles
_d1628-1703
_eautor
_968
245 1 0 _aPiel de asno /
_cCharles Perrault ; adaptación Eduard José ; ilustración Fina Rifa
260 _aBarcelona :
_bMultilibro,
_c1989
300 _aVarias paginaciones :
_bilustraciones,
_c19 cm.
336 _atexto
_btxt
_2rdacontent
337 _asin mediación
_bn
_2rdamedia
338 _avolumen
_bnc
_2rdacarrier
490 0 _aCuentos clásicos
_v3
590 _aInventariado, 2025/VM
650 4 _aCuentos infantiles franceses
650 7 _aLiteratura infantil francesa
650 7 _a Princesas
_vCuentos infantiles
650 7 _aReyes y soberanos
_vCuentos infantiles
700 1 _aRifa, Fina
_eilustración
700 1 _aJosé, Eduard
_eadaptación
910 _aVMateo V. Control de calidad. BPMSU
942 _2ddc
_cBK
999 _c15340
_d15340